| 000 | 00000nam##2200000za#4500 |
| 001 | 9.607943 |
| 003 | CaOODSP |
| 005 | 20210624213358 |
| 007 | cr ||||||||||| |
| 008 | 150406|2003||||xxc|||||o f|0| 0 fre|d |
| 040 | |aCaOODSP|bfre |
| 043 | |an-cn--- |
| 086 | 1 |aNH18-22/103-115F-PDF |
| 110 | 2 |aSociété canadienne d'hypothèques et de logement. |
| 245 | 10|aÉtudes de cas d'économies énergétiques importantes dans les maisons |h[ressource électronique] |
| 250 | |aRévision 2006 |
| 260 | |aOttawa - Ontario : |bSociété canadienne d'hypothèques et de logement |cc2003, 2006. |
| 300 | |a4p.|btableau |
| 490 | 1 |aLe point en recherche. Série technique |v03-115 |
| 500 | |aFichier reproduit à partir de l'original imprimé. |
| 590 | |a14-19-Supp|b2014-11-03 |
| 775 | 08|tCase studies of major home energy retrofits |w(CaOODSP)9.581079 |
| 830 | #0|aLe point en recherche. Série technique ;|v03-115|w(CaOODSP)9.501067 |
| 856 | 40|ahttp://publications.gc.ca|qPDF|s577 Ko|uhttps://publications.gc.ca/collections/collection_2014/schl-cmhc/NH18-22-103-115-fra.pdf|y03-115 |